000 00575nam a2200169 i 4500
001 63279
003 ES-MaACL
005 20230906164823.0
007 t|
008 031209s1930 sp ||||1| spa d
100 1 _aFernández Suárez, Álvaro.
_950107
245 1 0 _aEspaña
_b: su forma de gobierno en relación con su geografía y su psicología /
_cA. Fernández Suárez ; prólogo de Jaime Torrubiano Ripoll.
260 _aMadrid :
_b[s.n.],
_c1930 (
_fArgis)
300 _a268 p. ;
_c18 cm.
700 1 _aTorrubiano Ripoll, Jaime.
_9111063
852 _aES-MaACL
_jB-12629
999 _c63279
_d63279